| 000 | 00531nam a2200181Ia 4500 | ||
|---|---|---|---|
| 003 | GCL | ||
| 008 | 140319s9999 xx 000 0 ara d | ||
| 040 |
_aGCL / _cGCL |
||
| 082 | 0 | 4 |
_a641.1 _bم ا |
| 100 | 1 | _aمحمد ممتاز الجندى | |
| 245 | 1 | 0 |
_aالغذاء والتغذية / _cمحمد ممتاز الجندى |
| 260 |
_a[S.N] : _bدار الفكر العربى ، _c1983 |
||
| 490 | _a | ||
| 650 | 0 | 4 | _aالتغذية |
| 650 | 0 | 4 | _aالاغذية |
| 650 | 0 | 4 | _aالتغذية الصناعية |
| 942 |
_2ddc _cBK |
||
| 999 |
_c28541 _d28541 |
||